000 01112nam a22002777a 4500
003 PE SENCICO BE
005 20251020182649.0
008 240112b |||||||| |||| 00| 0 eng d
040 _aPE SENCICO BE
_cPE SENCICO BE
041 _aspa
084 _aI
_aDIS
_a2018
_bA71
100 1 _91878
_aArias Rubio, Karol Nicol
_eautor
245 1 _aEl estilo zen y su influencia en el spa /
_cKarol Nicol Arias Rubio
260 _aLima :
_c2018
300 _a2 v. :
_bil. col. ;
_c30 cm.
500 _aTexto en dos volúmenes. El volumen 2 contiene planos (40 x 60 cm.)
502 _aMonografía de Titulación.-- Servicio Nacional de Capacitación para la Industria de la Construcción. Escuela Superior Técnica. Carrera Profesional Técnica en Diseño de Interiores, 2018
650 1 0 _91008
_aSpas
650 2 0 _944
_aDiseño de interiores
650 2 0 _91535
_aServicios al cliente
650 2 0 _99
_aEspacios interiores
650 2 0 _9615
_aPlanos
710 1 _aServicio Nacional de Capacitación para la Industria de la Construcción.
_bEscuela Superior Técnica
_91065
910 _bhfp
_chfp
942 _cMON
999 _c4506
_d4506